000 01311nam a2200301 a 4500
001 ebr10667430
003 CaPaEBR
006 m u
007 cr cn|||||||||
008 130312s2013 si a sb 001 0 eng d
020 _z9781118122839
020 _z9781118122822 (e-book)
040 _aCaPaEBR
_cCaPaEBR
035 _a(OCoLC)834585849
050 1 4 _aHG4026
_b.R35 2013eb
100 0 _aRajiv Rajendra.
245 1 4 _aThe handbook of global corporate treasury
_h[electronic resource] /
_cRajiv Rajendra.
260 _aSingapore :
_bWiley,
_c2013.
300 _axx, 514 p. :
_bill.
440 0 _aWiley corporate F & A
504 _aIncludes bibliographical references and index.
505 0 _apt. 1. The world of corporate treasury -- pt. 2. Transactions and cash management -- pt. 3. Balance sheet and liquidity management -- pt. 4. Markets and risk management -- pt. 5. The toolkit.
533 _aElectronic reproduction.
_bPalo Alto, Calif. :
_cebrary,
_d2013.
_nAvailable via World Wide Web.
_nAccess may be limited to ebrary affiliated libraries.
650 0 _aCorporations
_xFinance.
655 7 _aElectronic books.
_2local
710 2 _aebrary, Inc.
856 4 0 _uhttp://site.ebrary.com/lib/rucke/Doc?id=10667430
_zAn electronic book accessible through the World Wide Web; click to view
999 _c61367
_d61367